| 000 | 00797nam a22002297a 4500 | ||
|---|---|---|---|
| 999 |
_c20898 _d20898 |
||
| 003 | AR-CdUCM | ||
| 008 | 190402b ||||| |||| 00| 0 spa d | ||
| 040 |
_aMUNICIPALIDAD PROVINCIAL DEL CUSCO _cBIBLIOTECA MUNICIPAL DEL CUSCO |
||
| 082 |
_aEP / 372.64 / _bD25 |
||
| 100 |
_aDaroqui, Julia _943529 |
||
| 245 | _aLeyendas universales / | ||
| 260 |
_bSigmar, _aBuenos Aires : _c1961. |
||
| 300 |
_bIlustraciones, _c34 cm. _a60 pƔginas ; |
||
| 440 |
_aColeccion Estrella _943616 |
||
| 505 | _aContenido : La guerra de Troya -- La llegada del Inca -- Guillermo Tell -- Isis y Osiris... | ||
| 650 |
_aLeyenda Griega _943617 |
||
| 650 |
_aLeyenda Incaica _943618 |
||
| 650 |
_aLeyenda Suiza _943619 |
||
| 700 |
_aMartinez Koch, Santos (ilustración) _943620 |
||
| 942 |
_2ddc _cLIBROS |
||
| 945 | _arcc | ||